| 000 | 00425nam a22001697a 4500 | ||
|---|---|---|---|
| 003 | MPLRDC | ||
| 005 | 20220104124836.0 | ||
| 008 | 210129b ||||| |||| 00| 0 eng d | ||
| 082 | _a856.6 LYS | ||
| 100 | _a梁羽生 | ||
| 245 |
_a古今名联谈趣 _c |
||
| 250 | _a初版 | ||
| 260 |
_a _b天地图书有限公司 _c1984 |
||
| 300 | _b平 | ||
| 650 | _a函牍及杂著--楹联; 寿文; 挽词 | ||
| 942 |
_cBK _o856.6 LYS |
||
| 999 |
_c22581 _d22571 |
||